00513nam a2200193 a 4500001001300000003000900013005001700022008004100039020001000080082001800090100002000108245004000128260003500168300000900203500003500212505002900247650002300276700002000299nice12345678IN_TiNIC20260116011410.0050524s1872 luca grp 000 0 ara  ac10000a297.1227bERA aEraabul Quran,  aEraabul Quran(khulasatul Kashshaaf) aLucknow bNaval Kishore c1872 a342p aincludes index and biblioraphy2 aFour Parts Boun Together aQuran-Hermeneutics1 aEraabul Quran,